Derecho y política en la diplomacia interamericana /

Guardado en:
Autor Principal: Ronning, Neale C.
Otros Autores: Navarro, Francisco, (trad.)
Formato: Desconocido
Idioma:Spanish
Publicado: México : Uteha, 1965
Edición:1a. ed.
Series:Manuales Uteha ; Ciencias sociales ; 14
Materias:
Etiquetas: Agregar Etiqueta
Sin Etiquetas, Sea el primero en etiquetar este registro!
LEADER 00580nac a22001695a 4500
001 DER.der001620
008 180615s1965####|||||||||||||||||#||spa||
005 20250228083908.0
245 1 0 |a Derecho y política en la diplomacia interamericana /  |c Neale C. Ronning ; traducido por Francisco Navarro. 
250 |a 1a. ed. 
260 |a México :  |b Uteha,  |c 1965 
300 |a 244 p. 
490 1 |a Manuales Uteha ; Ciencias sociales ;  |v 14 
100 1 |a Ronning, Neale C. 
700 1 |a Navarro, Francisco,  |e trad. 
650 7 |a DERECHO INTERNACIONAL PUBLICO 
859 |a DERECHO  |b BIB. DERECHO  |h 341  |i RON  |p 003689